000 00563nam a22002177a 4500
003 OSt
005 20140310182924.0
008 130129t xxu||||| |||| 00| 0 eng d
020 _a9789715849241
050 _aB 72
_b.Si619 2011
082 _aFIL 199
_bS619 2011
245 _aPhilosophy of the Human Person
_cSiringan, Hector S.
260 _aQuezon City
_bC & E Pub
_c2011
300 _axviii, 271 p.
_bill.
_c22 cm.
521 _aCollege
526 _c1210L-1700L
541 _j1
541 _j2
562 _e2
942 _2lcc
_cBK
_kFIL
999 _c17382
_d17382